Butley (Registo nº 873)
[ vista simples ]
| 000 -Etiqueta do registo | |
|---|---|
| Cabeçalho | 01028ngm0a2200337 i 4500 |
| 005 - Identificador da versão | |
| Campo de controlo | 20240819123018.0 |
| 035 ## - Other System Control Numbers | |
| System Control Number | 0000941 |
| System Control Number | 0000934 |
| System Control Number | 0000920 |
| 071 0# - Número do editor (registos sonoros e música) | |
| Número do editor | 3839/05 |
| 100 ## - Dados gerais de processamento | |
| Dados gerais de processamento | 20090202 a y0pory5003 ba |
| 101 0# - Língua de publicação | |
| Língua do texto, banda sonora, etc. | Inglês |
| Língua das legendas | Português |
| Língua do documento no original | Inglês |
| 102 ## - Pais de publicação ou produção | |
| País de publicação | Portugal |
| 115 ## - Campo de dados codificados: Projecções Visuais, Filmes e Vídeos | |
| Dados modificados - geral | c124bb zzz xxc |
| 200 1# - Titulo e menção de responsabilidade | |
| Título próprio | Butley |
| Indicação geral da natureza do documento | registo vídeo |
| Título paralelo | Butley |
| Primeira menção de responsabilidade | real. Harold Pinter |
| Outras menções de responsabilidade | Simon Gray |
| 210 ## - Publicação, Distribuição, etc. | |
| Lugar da edição, distribuição, etc. | PT |
| Nome do editor, distribuidor, etc. | Filmes Unimundos (distribuidor) |
| Data da publicação, distribuição, etc. | 2005 |
| 215 ## - Descrição física | |
| Indicação específica da natureza do documento e extensão da espécie | 1 DVD (PAL 2) (124 min.) |
| Dimensões | 124 minutos |
| 225 2# - Colecção | |
| Título próprio da colecção | american film theatre |
| 305 ## - Notas relativas à edição e história bibliográfica da publicação | |
| Texto da nota | Data lançamento: 2005 |
| 306 ## - Notas relativas a publicação, distribuição, etc. | |
| Texto da nota | Distribuidor cinema: filmes Unimundos |
| 327 1# - Nota de conteúdo | |
| Texto da nota | Conteúdo: legendas: português: idioma: inglês: índice de capítulos: trailers: entrevistas; galeria de fotos |
| 333 ## - Nota relativa aos potenciais utilizadores | |
| Texto da nota | Classificação: M12 |
| 606 ## - Nome comum usado como assunto | |
| Número de registo de entrada de autoridade | 0001139 |
| Palavra de ordem | Filme |
| Subdivisão de assunto | Drama |
| 610 ## - Termos de indexação não controlados | |
| Subject Term | DVD cinema |
| 675 ## - Classificação Decimal Universal (CDU) | |
| Notação | 791.43 |
| Edição | BN |
| Língua da edição | por |
| 686 ## - Outras classificações numéricas | |
| Notação | 733 |
| Código do sistema | FIAF |
| 702 #1 - Nome de autor-pessoa física (responsabilidade secundária) | |
| Número de registo de entrada de autoridade | 0001142 |
| Palavra de ordem | Pinter |
| Outra parte do nome não tomada para palavra de ordem | Harold |
| Código de função | Diretor / Director teatral / Realizador |
| 942 ## - Elementos de entrada adicionados (Koha) | |
| Tipo de item no Koha | DVD |
| 966 ## - Identificação da Biblioteca | |
| Sigla | NUMETECA |
| Situação do levantamento | Origin of item (home branch) (coded) | Biblioteca de empréstimo | Código de barras | Cota | Circulation type (not for loan) | Tipo de documento | Nota do exemplar | Damaged status |
|---|---|---|---|---|---|---|---|---|
| Biblioteca Escolar Eng. Nuno Mergulhão | Biblioteca Escolar Eng. Nuno Mergulhão | BENM86DVD | F 86 BUT | DVD | Sem mensagem |
